| 000 | 00910cam a2200265 a 4500 | ||
|---|---|---|---|
| 008 | |||
| 020 | _a0750691115 (hbk. ) | ||
| 049 | _aMAIN | ||
| 050 | 0 | 0 | _aTA352 LYO |
| 100 | 1 | _aLyon, Richard H. | |
| 245 | 1 | 0 |
_aTheory and application of statistical energy analysis / _cRichard H. Lyon, Richard G. DeJong. |
| 250 | _a2nd ed. | ||
| 260 |
_aBoston : _bButterworth-Heinemann, _c1995. |
||
| 300 |
_aix, 277 p. : _bill. ; _c26 cm. |
||
| 500 | _aRev. ed. of: Statistical energy analysis of dynamical systems. 1975. | ||
| 504 | _aIncludes bibliographical references: p. 251-256. | ||
| 650 | 0 |
_aDynamics _xStatistical methods. |
|
| 700 | 1 | _aDeJong, Richard G. | |
| 700 | 1 |
_aLyon, Richard H. _tStatistical energy analysis of dynamical systems. |
|
| 907 |
_a.b10168102 _b19-02-07 _c18-07-05 |
||
| 003 | |||
| 005 | 20230123134033.0 | ||
| 040 | _cNUST | ||
| 942 | _cBOOKS | ||
| 999 |
_c158940 _d158940 |
||